| 000 | 00412nam a22001577a 4500 | ||
|---|---|---|---|
| 999 |
_c11082 _d11082 |
||
| 003 | OSt | ||
| 008 | 220208b ||||| |||| 00| 0 eng d | ||
| 082 | _a547 DAT | ||
| 100 | _aDAHIYA,Randhir Singh | ||
| 245 | _aText book of Pharmaceutical Organic Chemistry - I | ||
| 250 | _a1st | ||
| 260 |
_aNew Delhi _bPaging _c2019 |
||
| 300 | _apg168 | ||
| 650 | _aPharmaceutical Inorganic chemistry | ||
| 942 |
_2ddc _cBK _025 |
||